000 00290nam a22001337a 4500
008 171102b xxu||||| |||| 00| 0 eng d
020 _a9780131009653
041 _aeng
080 _a33
100 _a59
101 _aBUS
245 _aMARKETING RESEARCH
_cMALHOTRA, N.K
942 _2udc
_cBK
999 _c37255
_d37255